000 01967cam a2200169 4500500
005 20251228073744.0
041 _afre
042 _adc
100 1 0 _aLefèvre-Novaro, Daniela
_eauthor
245 0 0 _aMELFI Milena, Il santuario di Asclepio a Lebena (Monografie della Scuola Archeologica Italiana di Atene e delle Missioni Italiane in Oriente, XIX), Athènes, SAIA, 2007, 1 vol. 21 × 31, 247 p., 89 fig. ds t., 11 pl. ds t., 3 pl. h. t.
260 _c2009.
500 _a95
520 _aThe Cyclops of Euripides on a mouldmade bowl from Porsuk. Un bol à reliefs d’époque hellénistique (seconde moitié du IIe siècle av. J.-C.) trouvé à Porsuk, en Cappadoce méridionale, représente Ulysse offrant une coupe de vin à Polyphème, entouré de satyres. Il s’agit de l’illustration d’un épisode du seul drame satyrique entièrement conservé, Le Cyclope d’Euripide. Fabriqué dans les ateliers d’Antioche-sur-l’Oronte, ce bol littéraire, exceptionnel à plus d’un titre, révèle les contacts existants entre la Syrie du Nord et le plateau anatolien. Il montre aussi la survivance du drame athénien d’époque classique dans l’Orient grec.
520 _aA Hellenistic mouldmade relief bowl from the second half of the 2th century BC found in Porsuk (Southern Cappadocia) represents Odysseus offering a cup of wine to Polyphemos, surrounded by satyrs. It illustrates an episode of the only complete surviving satyric drama, The Cyclops of Euripides. Manufactured in the workshops of Antioch-on-the-Orontes, this literary bowl is exceptional on more than one count, since it reveals contacts between Northern Syria and the Anatolian plateau. It also vouches for the survival of Classical Athenian drama in the Hellenized Eastern world.
786 0 _nRevue archéologique | 47 | 1 | 2009-09-10 | p. 81n-148n | 0035-0737
856 4 1 _uhttps://shs.cairn.info/revue-archeologique-2009-1-page-81n?lang=fr&redirect-ssocas=7080
999 _c1595919
_d1595919